Big 12 Team Names - Statistics

General Stats
  • This quiz has been taken 15 times
  • The average score is 15 of 16
Answer Stats
College Nickname % Correct
Baylor Bears
100%
Colorado Buffaloes
100%
Houston Cougars
100%
Iowa State Cyclones
100%
TCU Horned Frogs
100%
Kansas Jayhawks
100%
Arizona Wildcats
100%
Cincinnati Bearcats
93%
BYU Cougars
93%
West Virginia Mountaineers
93%
Arizona State Sun Devils
93%
Kansas State Wildcats
93%
Oklahoma State Cowboys
86%
Texas Tech Red Raiders
86%
Utah Utes
86%
Central Florida Knights
79%
No matching quizzes found
Score Distribution
Percent of People with Each Score
Percentile by Number Answered
Your Score History
You have not taken this quiz